| 000 | 01118nam a2200253Ia 4500 | ||
|---|---|---|---|
| 003 | Ost | ||
| 005 | 20260507074922.0 | ||
| 008 | 260507s9999||||xx |||||||||||||| ||und|| | ||
| 020 | _a978997121808 | ||
| 040 | _cfsecg | ||
| 041 | _aara | ||
| 082 | _a1.012 | ||
| 100 |
_aسلمان، جمال داود _eمؤلف |
||
| 245 | 0 |
_aاقتصاد المعرفة / _c جمال داود سلمان |
|
| 260 |
_aعمان: _bدار اليازوري, _c2009 |
||
| 300 |
_a240 صفحة؛ _bإيضاحات ؛ _c24 سم |
||
| 504 | _aبيبليوغرافيا ص.235 | ||
| 520 | _aمقدمة في اقتصاد المعرفة -صناعة تكنولوجيا المعلومات -عصر الانترنت والاقتصاد الرقمي -علاقة العلم والتكنولوجيا بالتنمية -الموارد البشرية وعصر المعلومات -التنمية وتحديات العولمة -الاقتصاد الجديد المبني على المعرفة | ||
| 653 | _aالانترنيت | ||
| 653 | _aالتكنولوجيا | ||
| 653 | _aالعولمة | ||
| 653 | _aالمعلومات | ||
| 942 | _cكتاب | ||
| 999 |
_c41805 _d41805 |
||